| 000 | 00442cam a2200157ua 4500 | ||
|---|---|---|---|
| 041 |
_aeng _h |
||
| 082 |
_a630.01 _bYEG/AG |
||
| 100 | _aYegna Narayan Aiyer, A K . | ||
| 245 |
_aAgriculture and allied arts in Vedic India / _cA K Yegna Narayan Aiyer. _hTextual Documents |
||
| 250 |
_a1 / _b. |
||
| 260 |
_aBangalore : _bBangalore printing&publishing Ltd , _c1949. |
||
| 300 | _a65 ; . | ||
| 504 | _a | ||
| 942 | _cBK | ||
| 999 |
_c10702 _d10702 |
||